山东面积最大的14个县级行政区 14 largest counties in Shandong - Statistics

General Stats
  • This quiz has been taken 42 times
  • The average score is 11 of 14
Answer Stats
面积/km² 地市排名 县区 % Correct
3176 青岛1 平度市
94%
1931 烟台1 莱州市
89%
2331 东营1 垦利区
86%
2128 青岛2 黄岛区
86%
1920 青岛3 即墨区
86%
1990 潍坊2 寿光市
80%
1968 菏泽1 曹县
80%
1934 泰安1 新泰市
80%
1909 烟台2 海阳市
80%
2267 东营2 河口区
77%
2414 临沂1 沂水县
71%
2151 潍坊1 诸城市
69%
2090 滨州2 无棣县
63%
2218 滨州1 沾化区
60%
No matching quizzes found
Score Distribution
Percent of People with Each Score
Percentile by Number Answered
Your Score History
You have not taken this quiz